[Event "SWE-chT 1920 Elite"]
[Site "Sweden"]
[Date "2020.02.01"]
[Round "5.4"]
[White "Lundin, Jan"]
[Black "Berg, Emanuel"]
[Result "1/2-1/2"]
[WhiteElo "2342"]
[BlackElo "2536"]
[Annotator "Berg,Emanuel"]
[PlyCount "51"]
[EventDate "2019.10.18"]
[EventType "team-tourn"]
[EventRounds "9"]
[EventCountry "SWE"]
[SourceTitle "CBM 195 Extra"]
[Source "ChessBase"]
[SourceDate "2020.05.31"]
[SourceVersion "1"]
[SourceVersionDate "2020.05.31"]
[SourceQuality "1"]
[WhiteTeam "Farsta"]
[BlackTeam "Wasa"]
[WhiteTeamCountry "SWE"]
[BlackTeamCountry "SWE"]

1. e4 e6 2. d4 d5 3. Nc3 {A surprise. I was expecting the Advance Variation.}
Bb4 4. a3 {This line is very unusual nowadays, but has been tried occasionally
by some top GMs. However, it's still a serious option and Black must be alert
since the game now quickly becomes rather sharp.} Bxc3+ 5. bxc3 dxe4 6. Qg4 Nf6
7. Qxg7 Rg8 8. Qh6 Rg6 {White now has to make an early decision on where to
place his queen.} 9. Qd2 {This is the main continuation hiding the queen away
as far as possible to avoid Black getting further tempi threatening it. During
the game I now tried to remember what I had written in my book "GM Repertoire
- The French Defence Vol 1". I've also played this position vs Jonny Hector
but that was also quite some time ago.} b6 {This prepares for the natural
development ...Bb7 to protect the center while occasionally ...Ba6 also is an
interesting option.} 10. Bb2 {One of a few possible options for White.
Transpositions might often occur but the order of moves can be quite important.
} ({Alternatives include} 10. Ne2) (10. Nh3) (10. a4) 10... Bb7 {After some
thought I finally decided for the natural development which is fine.} ({
However,} 10... Ba6 {was the move I recommended in the book. I considered this
during the game but became a bit uncertain whether this was the right position
or not to go for this option.}) 11. Nh3 Nc6 $5 $146 {A novelty and often a
good move with ideas like ...e5 in mind.} ({The only previous game I could
find featured} 11... Qd6 12. O-O-O Nbd7 13. c4 O-O-O 14. Nf4 Rg4 15. Ne2 {
when Black was doing absolutely fine in 1-0 (29) Godoy Bugueno,D (2315)-Rojas
Keim,L (2310) Santiago de Chile 1993}) ({Perhaps} 11... Qe7 {as suggested by
the computer is the most accurate continuation. Now Black remains flexible
about whether to place his knight on d7 or c6 depending on White's setup.}) 12.
Nf4 Rg8 13. c4 Qe7 ({Equally good is the alternative} 13... Qd6 14. O-O-O O-O-O
{with a pretty balanced game.}) ({However, the concrete approach} 13... e5 $2 {
leads to a clear advantage for White following} 14. d5 $1 $16) 14. Qc3 $1 {
A tricky move threatening d5 which forces Black to go backwards.} Nd7 {This
move felt like a slight concession during the game but Black is still doing
fine.} (14... Ng4 $5 {might lead to an exciting draw following} 15. h3 Nxf2 $1
16. Kxf2 Qh4+ 17. g3 Rxg3 18. Qxg3 e3+ 19. Kg2 Nxd4+ 20. Nd5 (20. Kh2 Nf3+ 21.
Kg2 $11) 20... Bxd5+ 21. cxd5 Qe4+ 22. Kh2 Nf3+ 23. Kg2 $11) 15. O-O-O (15. d5
{does not harm Black at all, but rather just weakens White's position following
} Nce5 16. dxe6 fxe6 $15 {when the doubled pawn in the center does not appear
as a problem. Black has pefect control and active pieces.}) 15... O-O-O 16. h4
{Seems a little slow.} (16. g3 {is more to the point.}) 16... Qd6 $5 {A tricky
move creating plans along the d-file including ...Nc5.} 17. Qe3 $6 {An
unfortunate square for the queen. Now the advantage goes over to Black.} (17.
g3 {was better. There might follow} Nc5 $5 18. Ba1 Na4 19. Qb3 Nc5 20. Qe3 (20.
Qc3 $11) 20... Na5 21. Bh3 Nd7 22. Qc3 Kb8 23. Rhe1 {when White's position
looks a bit more healthy.}) 17... Ne7 $1 18. d5 Nc5 19. g3 Kb8 $1 {A good
prophylactic waiting move.} 20. Bh3 e5 (20... exd5 {wins a pawn but is not too
clear after} 21. Rd2 {intending Rhd1 when White is very active.} ({On the
other hand} 21. cxd5 Nxd5 22. Nxd5 Bxd5 23. c4 $4 {loses for White in view of}
Nd3+ 24. Rxd3 exd3 25. cxd5 Qxd5 {when the double threat of threat of ...Qxh1+
and ...Qc4+ decides the game.})) 21. Ng2 Ba6 {I was now down to just a minute
on the clock having almost 20 moves to make before the time control, thus
playing a forced line was understandable.} ({However, it was better to proceed
positionally with} 21... Bc8 22. Bxc8 (22. Qc3 Bxh3 23. Rxh3 f6 $17) 22... Nxc8
{with a clear positional advantage for Black.}) 22. Qc3 Na4 $6 {A typical
time-trouble move forcing matters.This simplifies things but also gives away
most of Black's advantage.} ({After} 22... f6 $1 23. Ne3 h5 {[%cal Ga6c8]
intending ...Bc8 next Black would remain with a stable positional plus.}) 23.
Qxe5 Nxb2 24. Qxb2 (24. Qxd6 Rxd6 25. Kxb2 Bxc4 $15 {[%csl Rd5]}) 24... Bxc4
25. Ne3 Be2 $2 ({Grabbing material with} 25... Bxd5 $1 $15 {was better but not
an easy move to play in time trouble.}) 26. Rd2 {(=) Here my opponent came
with a tactical draw offer. Having only increment on the clock and many moves
to make, I finally decided to accept.} (26. Rd2 Bf3 27. Re1 {would have given
a rather equal position with mutual chances in the time trouble.}) 1/2-1/2

[Event "URS-chT Cup 10th"]
[Site "Ordzhonikidze"]
[Date "1978.05.??"]
[Round "2"]
[White "Bronstein, David Ionovich"]
[Black "Petrosian, Tigran V"]
[Result "1-0"]
[WhiteElo "2570"]
[BlackElo "2620"]
[Annotator "Bronstein,D"]
[PlyCount "81"]
[EventDate "1978.05.05"]
[EventType "team-tourn"]
[EventRounds "7"]
[EventCountry "URS"]
[SourceTitle "EXT 2017"]
[Source "ChessBase"]
[SourceDate "2016.10.25"]
[SourceVersion "1"]
[SourceVersionDate "2016.10.25"]
[SourceQuality "1"]
[WhiteTeam "Dinamo"]
[BlackTeam "Spartak"]
[WhiteTeamCountry "URS"]
[BlackTeamCountry "URS"]

1. e4 e6 2. d4 d5 3. Nc3 Bb4 4. Nge2 dxe4 5. a3 Be7 6. Nxe4 Nf6 7. N2g3 O-O 8.
Be2 Nbd7 9. O-O b6 10. Bf3 Rb8 11. c4 Nxe4 12. Bxe4 Nf6 13. Bf3 Bb7 14. Bxb7
Rxb7 15. Qf3 c6 16. Ne2 Qc8 17. b4 Rd8 18. Bf4 Rbd7 19. Rfc1 h6 20. h3 c5 (
20... Qb7 $142 {Bronstein (l'apprenti sorcier)}) 21. dxc5 bxc5 22. b5 Rd3 23.
Be3 Qc7 24. a4 $1 {Forçant les Noirs а utiliser leur Q pour bloquer le P"a, ce
qui l'écarte du jeu (Bronstein)} Qa5 25. Qc6 Nd7 26. Bf4 e5 27. Qe4 Rd6 28. Be3
Bf8 29. Nc3 Rd4 $5 30. Bxd4 cxd4 31. Nd5 Re8 32. Qg4 Re6 33. Rd1 g6 34. f4 {
[%cal Gf4f5]} f5 35. Qe2 Bc5 {[%cal Ge5e4,Gd4d3]} 36. Kh2 e4 $6 37. g4 $1 Qd8
38. gxf5 gxf5 39. Qh5 Qf8 40. Ra2 d3 41. Rg2+ 1-0

[Event "CSR-ch52 International"]
[Site "Sumperk"]
[Date "1984.06.??"]
[Round "17"]
[White "Mokry, Karel"]
[Black "Jurek, Josef"]
[Result "1/2-1/2"]
[WhiteElo "2435"]
[BlackElo "2320"]
[Annotator "ChessBase"]
[PlyCount "21"]
[EventDate "1984.06.??"]
[EventType "tourn"]
[EventRounds "17"]
[EventCountry "CSR"]
[EventCategory "7"]
[SourceTitle "MCL"]
[Source "ChessBase"]
[SourceDate "1999.07.01"]
[SourceVersion "1"]
[SourceVersionDate "1999.07.01"]
[SourceQuality "1"]

1. e4 e6 2. d4 d5 3. Nc3 Bb4 4. Nge2 dxe4 5. a3 Be7 6. Nxe4 b6 (6... Nf6) (6...
Nc6) (6... Bd7 7. N2g3) (6... Nd7 $6) 7. N2c3 Bb7 8. Bb5+ $1 Nd7 (8... c6) 9.
Qg4 $5 Kf8 10. Qe2 Ndf6 11. Ng5 1/2-1/2

[Event "Rishon Le Ziyyon"]
[Site "Rishon Le Ziyyon"]
[Date "1992.??.??"]
[Round "6"]
[White "Votava, Jan"]
[Black "Soffer, Ram"]
[Result "1-0"]
[WhiteElo "2435"]
[BlackElo "2450"]
[Annotator "ChessBase"]
[PlyCount "163"]
[EventDate "1992.??.??"]
[EventType "tourn"]
[EventRounds "13"]
[EventCountry "ISR"]
[EventCategory "8"]
[SourceTitle "CBM 033 Extra"]
[Source "ChessBase"]
[SourceDate "1993.05.01"]
[SourceVersion "1"]
[SourceVersionDate "1993.05.01"]
[SourceQuality "1"]

1. e4 e6 2. d4 d5 3. Nc3 Bb4 4. Qd3 dxe4 5. Qxe4 Nf6 6. Qh4 Bd7 7. Bd3 Bc6 8.
Nge2 Nbd7 9. Bg5 Be7 10. f3 h6 11. O-O-O Nb6 12. Ne4 Nfd5 13. Bxe7 Qxe7 14. Qf2
Nb4 15. Kb1 O-O-O 16. Nc1 Bd5 17. b3 e5 18. dxe5 Bxe4 19. Bxe4 Qxe5 20. Rhe1
Qa5 21. c4 Rxd1 22. Rxd1 f5 23. Bc2 Nxc2 24. Kxc2 Re8 25. Qd4 Qe5 26. Qd3 Kb8
27. Rd2 Qf6 28. Ne2 Nc8 29. Nc3 c6 30. f4 g6 31. g3 Re1 32. Qd7 Re3 33. Rd3 Re7
34. Qd8 Qe6 35. Rd2 Re8 36. Qd4 Qf7 37. Re2 Rxe2+ 38. Nxe2 Qe7 39. Kd3 Nd6 $2
40. Qe5 Qxe5 41. fxe5 Ne8 42. Nf4 g5 43. Ne6 Kc8 44. h4 gxh4 45. gxh4 Kd7 46.
Nd4 Ng7 47. c5 Ke7 (47... b6 $5 48. b4 bxc5 49. bxc5 Ne6 50. Nxf5 Nxc5+) 48.
Ke3 Kf7 49. Kf4 Kg6 50. b4 $1 (50. e6 $2 Kf6 51. e7 Nh5+ 52. Kf3 Ng7) 50...
Nh5+ 51. Kf3 Ng7 52. a3 a6 53. a4 Ne8 (53... Kf7 54. Kf4 Kg6 55. Nxf5 Ne6+ 56.
Ke4 a5 57. Nd4 Nxd4 58. Kxd4 Kf5 (58... axb4 59. Kc4 Kf5 60. Kxb4 Kxe5 61. Ka5)
59. bxa5 h5 60. a6 bxa6 61. a5) 54. Ne6 Kf7 55. Nd8+ Ke7 56. Nxb7 Ke6 57. Nd8+
Kxe5 58. Nxc6+ Kd5 59. Nb8 Nc7 60. c6 Kd6 61. Ke2 Nd5 62. Nxa6 Kxc6 63. Kd3 f4
$2 64. Ke4 Kb6 65. Nc5 Nxb4 66. Nb3 f3 67. Kxf3 Nd5 68. a5+ Kb5 69. Ke4 Nc7 70.
Ke5 h5 71. Kd6 Na6 72. Nd4+ Kxa5 73. Ne2 Kb6 74. Nf4 Nb4 75. Nxh5 Nd3 76. Nf6
Ne1 77. h5 Nf3 78. h6 Ng5 79. Ke7 Kc6 80. Ne4 Nh7 81. Kf7 Kd5 82. Kg7 1-0

[Event "YUG-ch34"]
[Site "Bjelovar"]
[Date "1979.02.20"]
[Round "9"]
[White "Djuric, Stefan"]
[Black "Arapovic, Vitomir"]
[Result "1-0"]
[WhiteElo "2415"]
[BlackElo "2420"]
[Annotator "ChessBase"]
[PlyCount "73"]
[EventDate "1979.02.10"]
[EventType "swiss"]
[EventRounds "13"]
[EventCountry "YUG"]
[SourceTitle "EXT 2000"]
[Source "ChessBase"]
[SourceDate "1999.11.16"]
[SourceVersion "1"]
[SourceVersionDate "1999.11.16"]
[SourceQuality "1"]

1. e4 e6 2. d4 d5 3. Nc3 Bb4 4. Bd3 dxe4 5. Bxe4 Nf6 6. Bd3 Bd7 $6 7. Nf3 Bc6
8. O-O Nbd7 9. a3 Bxc3 $6 (9... Bd6 10. Re1 Bxf3 11. Qxf3 c6 $14) 10. bxc3 Qe7
11. a4 Qd6 12. Bb5 $1 $16 (12. Ba3 $6 Qf4) 12... a6 13. Ba3 Bxf3 14. Qxf3 Qd5
15. Bxd7+ (15. Be2 $5 Qxf3 16. Bxf3 $16 {^^}) 15... Kxd7 16. Qg3 Ne4 17. Qd3 b5
(17... Nd6 18. Bxd6 cxd6 19. c4 Qf5 20. Qb3 Rab8 21. Rfe1 $16) 18. Rfe1 Nd6 19.
Re5 Qc4 20. Qf3 $1 {[/\ Rc5]} Qxa4 21. Qd1 $1 b4 22. Bxb4 Qc6 23. d5 Qc4 (23...
exd5 24. Qg4+ Kd8 25. Rae1 $18) 24. dxe6+ fxe6 25. Rc5 Qf4 26. g3 Qf8 27. Qd4
$18 Qe7 28. Rd1 Rhd8 29. Ba5 Ra7 30. Qa4+ Kc8 31. Bb6 Rb7 32. Qxa6 Ne8 33. Rb1
Rd6 34. Qxb7+ $1 Kxb7 35. Bxc7+ Ka7 36. Bxd6 Qd8 37. Be7 1-0

[Event "Debrecen"]
[Site "Debrecen"]
[Date "1989.??.??"]
[Round "?"]
[White "Hector, Jonny"]
[Black "Mohr, Stefan"]
[Result "1-0"]
[WhiteElo "2485"]
[BlackElo "2530"]
[Annotator "ChessBase"]
[PlyCount "75"]
[EventDate "1989.06.??"]
[EventType "tourn"]
[EventRounds "11"]
[EventCountry "HUN"]
[EventCategory "12"]
[SourceTitle "CBM 014"]
[Source "ChessBase"]
[SourceDate "1990.02.01"]
[SourceVersion "1"]
[SourceVersionDate "1990.02.01"]
[SourceQuality "1"]

1. e4 {Meleghegyi Csaba} e6 2. d4 d5 3. Nc3 Bb4 4. Qd3 $5 dxe4 5. Qxe4 Nf6 6.
Qh4 c5 (6... Nc6 7. Nf3 Nd5 8. Bg5 Nce7 9. Bd2 Nf5 10. Qxd8+ Kxd8 11. a3 Be7
12. O-O-O {Chiburdanidze,M-Farago,I/Banja Luka/1985/}) 7. dxc5 Bxc3+ 8. bxc3
Qa5 9. Bd2 $5 (9. Qb4 Qc7 10. Nf3 Nc6 11. Bb5 e5 12. Bg5 {Chiburdanidze,
M-Bareev,E/URS/1985/}) 9... Qxc5 10. Bd3 b6 11. Ne2 Bb7 12. Rb1 $1 Nbd7 13. O-O
O-O 14. Rb5 Qc6 15. Rg5 e5 16. f3 g6 17. Ng3 Ne8 18. c4 $5 Ng7 19. Qh6 f5 (
19... f6 20. Bxg6 $1 hxg6 21. Rxg6 Rf7 22. Nh5 Qc5+ 23. Kh1 Qf8 24. Bb4 Nc5 25.
Nxf6+ $16) 20. h4 $1 Rf6 $2 (20... Rf7 $1 21. h5 Nf8) 21. h5 Raf8 22. hxg6 hxg6
23. Bxf5 $1 Rxf5 24. Rxg6 Qc5+ 25. Rf2 Qe7 (25... R5f7 26. Nf5 $18) 26. Bg5 $1
Rxg5 27. Rxg5 Rf6 (27... Rf7 28. Nh5 Qf8 29. Rd2 Bc8 30. Rd6 $18) 28. Qh3 $1
Nf8 29. Nf5 Rxf5 30. Qxf5 Nfe6 31. Rg4 Nc5 32. Rd2 e4 33. Qg6 Nce6 34. fxe4 Ba6
35. e5 Qc5+ 36. Kh1 Qxe5 37. Qe8+ Kh7 38. Rh4+ {Meleghegyi Csaba} 1-0

[Event "AUT-chT"]
[Site "Austria"]
[Date "1990.??.??"]
[Round "?"]
[White "Feistenauer, Fred"]
[Black "Herndl, Harald"]
[Result "1-0"]
[WhiteElo "2300"]
[BlackElo "2300"]
[Annotator "ChessBase"]
[PlyCount "37"]
[EventDate "1990.??.??"]
[EventType "team"]
[EventRounds "11"]
[EventCountry "AUT"]
[SourceTitle "TD"]
[Source "ChessBase"]
[SourceDate "1994.03.01"]
[SourceVersion "1"]
[SourceVersionDate "1994.03.01"]
[SourceQuality "1"]

1. e4 e6 2. d4 d5 3. Nc3 Bb4 4. Nge2 dxe4 5. a3 Be7 6. Nxe4 Nf6 7. Qd3 b6 (7...
Bd7 8. Bf4 Bc6 9. Nxf6+ Bxf6 10. O-O-O Bg5 11. Qe3 Bxf4 12. Nxf4 O-O 13. Bd3
$14 {Cocaltea-Skalkotas, Bihac 1979}) (7... Nc6 8. Bf4 b6 $6 9. Nxf6+ Bxf6 10.
Qg3 Qe7 11. O-O-O e5 12. dxe5 Bxe5 13. Nc3 O-O 14. Bc4 Bxf4+ 15. Qxf4 $14 {
Bronstein-Vagajan, Leningrad 1977}) 8. Bf4 Bb7 9. Nxf6+ Bxf6 10. O-O-O Nd7 11.
Qg3 Rc8 12. Nc3 O-O 13. h4 a6 14. Bg5 Qe7 15. Bd3 c5 16. Be4 Bxe4 17. Nxe4
Bxg5+ 18. hxg5 f5 19. Rxh7 1-0

[Event "Biel"]
[Site "Biel"]
[Date "1986.07.27"]
[Round "7"]
[White "Klinger, Josef"]
[Black "Hug, Werner"]
[Result "1-0"]
[WhiteElo "2430"]
[BlackElo "2455"]
[Annotator "Dolmatov,S"]
[PlyCount "107"]
[EventDate "1986.07.20"]
[EventType "tourn"]
[EventRounds "11"]
[EventCountry "SUI"]
[EventCategory "12"]
[SourceTitle "MCL"]
[Source "ChessBase"]
[SourceDate "1999.07.01"]
[SourceVersion "1"]
[SourceVersionDate "1999.07.01"]
[SourceQuality "1"]

1. e4 e6 2. d4 d5 3. Nc3 Bb4 4. Nge2 Ne7 5. a3 Bxc3+ $6 (5... Ba5 $32 6. b4 Bb6
7. e5 a5) 6. Nxc3 O-O 7. e5 Nbc6 8. Qg4 $6 (8. Be3 Nf5 9. Qd2 f6 10. exf6 Qxf6
11. O-O-O Bd7 $10) 8... f5 9. exf6 Rxf6 10. Bg5 e5 11. Qh4 Re6 12. O-O-O e4 (
12... exd4 13. Bxe7 (13. Nb5 $2 Re4 $40) 13... Qxe7 14. Qxe7 Nxe7 15. Rxd4 c6
$10) 13. f3 exf3 14. gxf3 h6 15. Bxe7 Nxe7 16. Bh3 Rf6 17. Rde1 Ng6 18. Qg3
Bxh3 19. Qxh3 Qd6 20. Re3 c6 21. Rhe1 Raf8 22. Ne2 Nf4 23. Nxf4 Qxf4 24. Kb1
Qxd4 25. Qd7 R6f7 (25... Rxf3 26. Rxf3 Rxf3 27. Qxb7 $10) 26. Re7 Qh4 $2 (26...
Rxe7 27. Qxe7 (27. Rxe7 Rxf3) 27... Qf2 $17) 27. R1e2 Qf4 28. Qxb7 Qxf3 29.
Qxc6 Kh7 30. Rxf7 Rxf7 31. Qe6 Rf6 32. Qe5 Rf5 33. Qe7 Qg4 (33... Rf7 34. Qe8
Rf8 35. Qb5 $10) 34. Re1 a5 35. Qe3 Rf3 $2 (35... a4 36. Qd3 Qf3 $10) 36. Qd2
a4 37. Qxd5 $18 Rf2 38. Re8 Rf5 39. Qd3 Qg6 40. Ra8 h5 41. Rxa4 Rf2 42. Qxg6+
Kxg6 43. h4 Rg2 44. Kc1 Kh7 45. Rd4 g5 46. hxg5 Kg6 47. b4 Kxg5 48. b5 h4 49.
b6 h3 50. b7 h2 51. b8=Q h1=Q+ 52. Kb2 Rxc2+ 53. Kxc2 Qh2+ 54. Qxh2 1-0

[Event "FRA-chT Top 12"]
[Site "Mulhouse"]
[Date "2011.05.26"]
[Round "1.4"]
[White "Solodovnichenko, Yuri"]
[Black "Edouard, Romain"]
[Result "1-0"]
[WhiteElo "2574"]
[BlackElo "2602"]
[Annotator "Edouard,R"]
[PlyCount "113"]
[EventDate "2011.05.26"]
[EventType "team-tourn"]
[EventRounds "11"]
[EventCountry "FRA"]
[SourceTitle "CBM 142 Extra"]
[Source "ChessBase"]
[SourceDate "2011.06.27"]
[SourceVersion "1"]
[SourceVersionDate "2011.06.27"]
[SourceQuality "1"]
[WhiteTeam "Lutece"]
[BlackTeam "Chalonnais Echiquier"]
[WhiteTeamCountry "FRA"]
[BlackTeamCountry "FRA"]

1. e4 e6 {My first French ever! I was expecting some side-line but somehow
didn't recheck them enough before the game!} 2. d4 d5 3. Nc3 Bb4 4. Nge2 dxe4
5. a3 Bxc3+ $5 {One possiblity among others. The move 5...Be7 is also supposed
to be fine.} 6. Nxc3 Nc6 7. d5 exd5 8. Qxd5 Be6 (8... Nge7 {or}) (8... Qxd5 9.
Nxd5 Nd4 {is also possible.}) 9. Qxe4 Nf6 10. Qh4 Qd4 (10... Bf5 {or}) (10...
Nd4 {is also possible.}) 11. Bg5 {I remembered that Black was just completely
fine here, but I kind of confused everything!} Qe5+ (11... Qxh4 12. Bxh4 O-O-O
{might be best here, but of course White is slightly better.}) 12. Be2 Nd4 13.
O-O-O $1 {Oops! There I realised I had gone wrong...} O-O-O (13... Nxe2+ $2 14.
Nxe2 Qxe2 $6 {Otherwise White is just clearly better, but...} 15. Bxf6 gxf6 (
15... O-O 16. Bxg7 Kxg7 17. Qg5+ Kh8 18. Qf6+ Kg8 19. Rhe1 {and somehow
Black's queen has no good square, e.g.:} Qc4 20. Re3 Rfe8 21. Rg3+ Kf8 22. Qh6+
Ke7 23. Rc3 $18) 16. Rhe1 $1 {Not to let Black's queen reach the g4-square!}
Qa6 17. Qxf6 Rg8 18. Re3 {followed by Rde1+-.}) 14. Bd3 h6 15. Bxf6 Qxf6 16.
Qxf6 gxf6 17. Ne4 $5 (17. Rd2 {should be the easiest way to maintain a small
but more than stable advantage.}) 17... Bd5 (17... Rhg8 18. Rhg1 f5 19. Nc5 {
is also difficult for Black.} ({And not} 19. Nf6 {in order to go Nh5-Nf4
because of} Rg5 $1 {after which the position is much less clear.})) 18. f3 (18.
Rhe1 f5 19. Nc5 Bxg2 20. c3 $14) (18. Nxf6 $2 {would be alright for Black after
} Bxg2 19. Rhg1 Rd6 $1 $11) 18... Bxe4 19. fxe4 $5 {An interesting try. Indeed,
Black's king cannot reach the e7-square without trouble!} (19. Bxe4 Ne2+ 20.
Kb1 c6 21. Rhe1 (21. g3 Nd4 22. c3 Nb5) 21... Rxd1+ 22. Rxd1 Rd8) 19... Rd6 {
Played instantly because I missed the move 21.Bc4 in the game!} (19... Kd7 $1 {
was necessary. If White allows me to go ...Ke7 I'm just fine. Of course} 20.
Ba6 $1 {is critical, but after} Ke7 $1 21. Bxb7 Ne2+ 22. Kb1 Rb8 23. Rd2 Nc3+
24. bxc3 Rxb7+ 25. Ka2 Rhb8 {I should have good drawing chances, though White
is of course better!}) 20. Rhf1 Kd8 $2 {Once again played too fast, due to my
lack of time! I immediately realised that after 21.Bc4 I just lose a huge pawn.
} (20... Re8 21. Rf4 Re5 22. Rdf1 f5 $5 {could be the best way to try to hold,
though after} 23. Kb1 {White is of course better.} (23. exf5 $6 Ne2+ $11)) 21.
Bc4 $1 (21. e5 $2 fxe5 22. Rxf7 e4) 21... Rh7 (21... Ke7 $2 22. e5 $18) 22. c3
$6 (22. Bd5 {just wins.}) 22... Nc6 23. Rxf6 $6 {As a principle, it is never a
bad idea to break up the opponent's pawn structure a bit more.} (23. Rxd6+ cxd6
24. Rxf6 Ke7 25. Rf5 Ne5 26. Bd5 {should be technically winning.}) 23... Rxd1+
24. Kxd1 Ne5 25. Be2 Ke7 26. Rf5 f6 27. Kd2 Rg7 28. g3 {And here I decided to
exchange rooks in order to avoid eternal torture. Indeed it didn't (and still
doesn't) look clear to me if White can win.} Rg5 29. Ke3 Rxf5 30. exf5 {
The situation here is very complicated. White's only chance is to get in g5 at
some point. Somehow, it is very hard to make it work, as if I keep the
f6-square I'll make an easy draw. But somehow I have to find many accurate
moves so that I can keep my knight on the right squares. It is much less easy
than I thought and I blundered almost immediatly, playing too quickly with my
pawns on the queenside and underestimating White's bishop's power.} Kd6 31. Ke4
Nd7 32. Kf4 Ke7 33. b4 b6 ({Something like} 33... Ne5 34. h4 Nf7 35. g4 c6 {
[%cal Ge2f3,Gf3e4,Ga3a4,Ga4a5] was probably better. Then the knight will move
between the squares f7/e5/d7, but White's bishop can for example come to e6
sometimes, and White will play a4-a5 and so on. It's very difficult to say
whether it should win or not.}) 34. h4 c5 $2 {This was my idea, but it's a
blunder! I just overlooked that Bb5 works!} 35. g4 {And suddenly my knight
loses its elasticity, as ...Ne5 loses to g5.} Kd6 ({Otherwise the position is
just slowly losing, for instance:} 35... Nf8 36. Bb5 Kd6 37. Be8 Ke7 38. Ba4
Kd6 39. bxc5+ bxc5 40. Ke4 Nh7 41. Bb3 Nf8 42. Be6 Nh7 (42... Nxe6 43. fxe6
Kxe6 44. c4 $18) 43. Kd3 Nf8 44. Kc4 Kc6 45. a4 Nh7 46. Bg8 Nf8 47. Bf7 Nh7 48.
Be8+ Kd6 49. Kb5 $18) 36. Bb5 $1 Ne5 37. g5 hxg5+ 38. hxg5 fxg5+ 39. Kxg5 {
And I don't have control of the f6-square!} Ke7 ({Of course} 39... cxb4 40.
cxb4 a5 {was necessary, but after} 41. bxa5 (41. f6 $5) 41... bxa5 42. f6 Ke6
$8 43. Be2 {White should be winning.}) 40. f6+ Ke6 41. bxc5 bxc5 42. Be2 a5 (
42... c4 43. Bh5 $18) 43. Bd1 c4 44. Bg4+ (44. Bh5 Nd3 45. Be8 Ne5 46. a4 {
wins instantly.}) 44... Kf7 (44... Nxg4 45. Kxg4 Kxf6 46. Kf4 $18) 45. Kf5 Nd7
46. Bh5+ Kf8 47. Bf3 Nc5 48. Bc6 Nb3 49. Ke5 Nc1 50. Kd4 Ne2+ (50... Kf7 51.
Bd5+ $18) 51. Kxc4 Kf7 52. Bf3 Nf4 53. Kb5 Kxf6 54. Kxa5 Nd3 55. Kb5 Ke7 56. a4
Ne5 57. a5 1-0